| 000 | 00323nam a2200097Ia 4500 | ||
|---|---|---|---|
| 082 | _aMERM-PCRL-PEZL | ||
| 245 | 0 | _aHealth seekers : a formula for living a healthier and longer life | |
| 100 |
_a BERNSTEIN, Celene Florida Hills, South Africa, 1997 _965724 |
||
| 942 | _cBK | ||
| 008 | 210817s9999 xx 000 0 und d | ||
| 999 |
_c210242 _d210241 |
||